000 01171nam a2200325 i 4500
001 196936
003 ES-MaACL
005 20250825080841.0
008 250218s2010 sp a | |||| 000 0dspa
015 _aMON10
017 _aM 52133-2010
_bOficina Depósito Legal Madrid
035 _a(OCoLC)733610157
035 _a(SpMaBN)a4997357
040 _aSpMaBN
_bspa
_cSpMaBN
_erdc
080 _a06.068 Rafael Calvo Serer
245 0 0 _aIX Premio de Periodismo Rafael Calvo Serer :
_bPhilippe Nourry
260 _aMadrid :
_bFundación Diario Madrid,
_c[2010]
300 _a122 páginas :
_bilustraciones (blanco y negro y color) ;
_c25 cm
336 _2rdacontent
_atexto
337 _2rdamedia
_asin mediación
338 _2rdacarrier
_avolumen
600 1 4 _aNourry, Philippe,
_d1930-
_9239657
650 0 _aPremio de Periodismo Rafael Calvo Serer
_9239656
710 2 _aFundación Diario Madrid
_eedt
_9148558
852 4 _aES-MaACL
_cDEPOJ
_hDonación: Editorial
_jN-10350
_xCartoné
_9206472
942 _cMONOGRAFIA
_n0
999 _c196936
_d196936